000 00775nam a2200229Ia 4500
003 GCL
008 140319s9999 xx 000 0 ara d
040 _aGCL /
_cGCL
082 0 4 _a813.03
_bس ب
100 1 _aمحمود امين العالم
245 1 0 _aالبحث عن الشمندورة /
_cمحمود امين العالم
700 1 _aسيد جمال اسحق
700 1 _aمحمد يوسف الجندى
300 _a164 ص
490 _a100 قصة
_v0
650 0 4 _aالادب العربى
650 0 4 _aالادب الغربى - العصر الحديث
650 0 4 _aالادب العربى - العصر الحديث
650 0 4 _aالادباء العرب - تاريخ ونقد
650 0 4 _aالادب العربى - النوبة
942 _2ddc
_cBK
999 _c45574
_d45574